Financovanie podnikov zo štandardných zdrojov financovania bakalárska práca

Enregistré dans:
Détails bibliographiques
Auteur principal: Miklošová, Veronika
Collectivité auteur: Fakulta podnikového manažmentu EU. Katedra podnikových financií
Autres auteurs: Kalusová, Lenka, 1987-
Format: Livre
Langue:slovaque
Publié: Bratislava 2018
Tags: Ajouter un tag
Pas de tags, Soyez le premier à ajouter un tag!

MARC

LEADER 00000nbm a2200000 4500
001 0244679
005 20180927103439.3
041 0 |a slo 
044 |a SK 
245 1 0 |a Financovanie podnikov zo štandardných zdrojov financovania  |b bakalárska práca  |c Veronika Miklošová ; školiteľ: Lenka Kalusová 
264 1 |a Bratislava  |c 2018 
300 |a 47 s. 
100 1 |a Miklošová, Veronika 
700 1 |a Kalusová, Lenka, 1987- 
710 2 |a Fakulta podnikového manažmentu EU. Katedra podnikových financií